Использование техники народного хозяйства для целей обеззараживания

Bibliografische gegevens
Hoofdauteur: Атюнин Н. Р. Никифор Романович
Taal:Russisch
Gepubliceerd in: Москва, Воениздат, 1974
Onderwerpen:
Formaat: Boek
KOHA link:https://koha.lib.tpu.ru/cgi-bin/koha/opac-detail.pl?biblionumber=320217

MARC

LEADER 00000nam0a2200000 4500
001 320217
005 20231102003246.0
035 |a (RuTPU)RU\TPU\book\345747 
090 |a 320217 
100 |a 20160629d1974 km y0rusy50 ca 
101 0 |a rus 
102 |a RU 
105 |a a z 001zy 
200 1 |a Использование техники народного хозяйства для целей обеззараживания  |f Н. Р. Атюнин 
210 |a Москва  |c Воениздат  |d 1974 
215 |a 71 с.  |c ил. 
320 |a Библиогр.: с. 70 
606 1 |a Дезактивация  |2 stltpush  |3 (RuTPU)RU\TPU\subj\8985  |9 36286 
606 1 |a Гражданская оборона (ГО)  |2 stltpush  |3 (RuTPU)RU\TPU\subj\8471  |9 35877 
610 1 |a обеззараживание 
610 1 |a способы 
610 1 |a вещества 
610 1 |a растворы 
610 1 |a техника 
610 1 |a меры безопасности 
675 |a 621.039.75  |v 4 
686 |a Ц69  |v LBC/SL-A  |2 rubbk 
700 1 |a Атюнин  |b Н. Р.  |g Никифор Романович 
801 1 |a RU  |b 63413507  |c 20160629 
801 2 |a RU  |b 63413507  |c 20171107  |g RCR 
942 |c BK